LEADER 00509nab a2200145 i 4500 001 000000310312 003 CaOOAMICUS 005 20180831173011.0 008 180831n xx uu u0 0und r 013 $a19404 040 $aSeMil$bita 100 1 $aJannelli, Nicola Maria.$0(OLS)http://semarc/name/88223 245 10$aRealismo e Rivoluzione o della nuova poesia in Italia. 773 0 $t[Luglio-Dicembre].$g256-267$w()273979 996 $6245$aRealismo e Rivoluzione o della nuova poesia in Italia$9(OLS)http://semarc/title/384997 LEADER 00648nas a2200169 i 4500 001 000000019068 003 CaOOAMICUS 005 20180830125444.0 008 180830n it u0 ita u 040 $aSeMil$bita 245 13$aIl dibattito /$cCollana diretta da Biagio Bonardi e Giuseppe Piumatti. 260 $aCasale Monferrato (AL) :$bPortalupi,$c[200?] 300 $av. ;$c21 cm. 700 1 $aPiumatti, Giuseppe.$0(OLS)http://semarc/name/7372 700 1 $aBonardi, Biagio.$0(OLS)http://semarc/name/7371 996 $6245$aIl dibattito$9(OLS)http://semarc/title/25071 996 $6260$aCasale Monferrato (AL) :$bPortalupi$9(OLS)http://semarc/publisher/35001